| 000 | 00748nam a22002057a 4500 | ||
|---|---|---|---|
| 005 | 20140313100411.0 | ||
| 008 | 140109b xxu||||| |||| 00| 0 eng d | ||
| 020 | _a9781888777741 | ||
| 050 |
_aPR 2753.M34 _b.L697 1999 |
||
| 100 | _aShakespeare, William. | ||
| 245 |
_aThe library Shakespeare / _c William Shakespeare, John Gilbert, George Cruikshank, Robert Dudley |
||
| 260 |
_aUK : _bTrident Press International, _c1999-. |
||
| 300 |
_a396, 406, 476 p. : _bill. ; _c31 cm. |
||
| 521 | _aEDU | ||
| 650 |
_aShakespeare, William, _x1564-1616. |
||
| 650 |
_aShakespeare, William, _v1564-1616 _xStage history _y1625-1800. |
||
| 650 |
_aShakespeare, William, _v1564-1616 _xStage history _zEngland. |
||
| 942 |
_2lcc _cBK _kFOR |
||
| 999 |
_c25998 _d25998 |
||